Mor jivan sowaran (Record no. 2803)

MARC details
000 -LEADER
fixed length control field 00511cam a2200193ua 4500
008 - FIXED-LENGTH DATA ELEMENTS--GENERAL INFORMATION
fixed length control field 110921n ii |||gr||||Z||||||asm
040 ## - CATALOGING SOURCE
Transcribing agency MAIN
082 ## - DEWEY DECIMAL CLASSIFICATION NUMBER
Classification number 920
100 ## - MAIN ENTRY--PERSONAL NAME
Personal name Bezbaroa, Lakshminath,
Relator term
245 11 - TITLE STATEMENT
Title Mor jivan sowaran
Statement of responsibility, etc. by Lakshminath Bezbaroa
250 ## - EDITION STATEMENT
Edition statement 3rd.
260 ## - PUBLICATION, DISTRIBUTION, ETC.
Place of publication, distribution, etc. Jorhat:
Name of publisher, distributor, etc. Asam Sahitya sabha,968.
300 ## - PHYSICAL DESCRIPTION
Extent 254p:
Dimensions 23cm.
700 ## - ADDED ENTRY--PERSONAL NAME
Personal name Goswami, Jatindranath,
Relator term
942 ## - ADDED ENTRY ELEMENTS (KOHA)
Koha item type Books
653 ## - INDEX TERM--UNCONTROLLED
Uncontrolled term Biography
653 ## - INDEX TERM--UNCONTROLLED
Uncontrolled term Biography of Mor jivan sowaran
Holdings
Withdrawn status Lost status Damaged status Not for loan Home library Current library Shelving location Date acquired Total Checkouts Full call number Barcode Date last seen Copy number Price effective from Koha item type
        Central Library, Naharkatiya College Central Library, Naharkatiya College General Stacks 19/09/2020   920 | BEZ 7411 19/09/2020 3 19/09/2020 Books
        Central Library, Naharkatiya College Central Library, Naharkatiya College General Stacks 19/09/2020   920 | BEZ 7412 19/09/2020 2 19/09/2020 Books
        Central Library, Naharkatiya College Central Library, Naharkatiya College General Stacks 19/09/2020   920 | BEZ 7414 01/10/2022 1 19/09/2020 Books

Naharkatiya College © 2020. All rights reserved.

Powered By